Marketing v politike

Salvato in:
Dettagli Bibliografici
Autore principale: Štensová, Antónia
Ente Autore: Ekonomická univerzita v Bratislave. Obchodná fakulta
Altri autori: Pčolinský, Vladimír
Natura: Libro
Lingua:slovacco
Pubblicazione: Bratislava Vydavateľstvo EKONÓM 2005
Soggetti:
Tags: Aggiungi Tag
Nessun Tag, puoi essere il primo ad aggiungerne!!

MARC

LEADER 00000nam$a2200000$$$4500
001 0037172
005 20240502071455.2
020 |a 80-225-2074-8 
041 0 |a slo 
044 |a SK 
245 1 0 |a Marketing v politike  |c Antónia Štensová, Vladimír Pčolinský 
264 1 |a Bratislava  |b Vydavateľstvo EKONÓM  |c 2005 
300 |a 103 s. 
610 2 0 |a politika 
610 2 0 |a marketing 
610 2 0 |a moc politická 
610 2 0 |a strany politické 
610 2 0 |a voľby 
610 2 0 |a nástroje marketingové 
610 2 0 |a komunikácia 
610 2 0 |a imidž 
610 2 0 |a kampane volebné 
610 2 0 |a kríza politická 
610 2 0 |a médiá 
610 2 0 |a propagácia 
610 2 0 |a lobizmus 
100 1 |a Štensová, Antónia 
700 1 |a Pčolinský, Vladimír 
710 2 |a Ekonomická univerzita v Bratislave. Obchodná fakulta